000 01154nam a2200301 a 4500
005 20090807160951.0
008 090113s2009 ii a b 001 0 eng
010 _aENG-94673
020 _a9788178298528
_c395.00
035 _aEN-78206
037 _bDBAD / PUB
040 _adpl
_bEnglish
082 _a332.1068
100 _aJoshi, Vasant C.
245 _aManaging Indian banks :
_bthe challenges ahead /
_cby Vasant C. Joshi [and] Vinay V. Joshi
250 _a3rd ed.
260 _aNew Delhi
_bResponse Books
_c2009
270 _aB1/I-1 Mohan Cooperative Industrial Area, Mathura Road,
_bNew Delhi
_e110044
300 _axx, 337 p.
_c22cm(pbk)
504 _aIncludes bibliographical references and index
650 _aBank management
_zIndia.
650 _aBanks and banking
_xState supervision
_zIndia.
650 _aBank management.
650 _aBanks and banking.
700 _aJoshi, Vinay V.
942 _2ddc
_cEN
_h332.1068
_mJOS
999 _c29017
_d29017